[Event "Mtel Masters"]
[Site "Sofia BUL"]
[Date "2006.05.12"]
[Round "2"]
[White "Topalov, V."]
[Black "Anand, V."]
[Result "0-1"]
[WhiteElo "2804"]
[BlackElo "2803"]
[Annotator "Mihail Marin"]
[PlyCount "72"]
[EventDate "2006.05.11"]

1. e4 e5 2. Nf3 Nc6 3. Bb5 a6 4. Ba4 Nf6 5. O-O Be7 6. Re1 b5 7. Bb3 O-O 8. h3
Bb7 9. d3 Re8 10. c3 h6 11. Nbd2 Bf8 12. a3 d6 13. Ba2 Nb8 14. b4 c5 15. Nb3
Nc6 16. Rb1 Bc8 17. Be3 Be6 18. Qc2 Rc8 19. Qb2 {#White has placed some of his
pieces on rather unnatural squares, while Black has regrouped in a harmonious
way.} c4 20. dxc4 Bxc4 21. Nbd2 Bxa2 22. Qxa2 d5 {
This thematical central break ensures Black at least equal play.} 23. Rbd1 d4
24. cxd4 exd4 25. Nb3 $6 ({
Still fighting for an advantage, something not surprising in Topalov's games.} 
25. Nxd4 {would have been safer.}) 25... Nxe4 26. Bxd4 Nxd4 27. Rxd4 {#} Ng5 $3
{A fantastic move, overlooked by Topalov. All of a sudden, White is in trouble.
} 28. Ne5 ({Accepting the "sacrifice" with} 28. Rxd8 {
would have led to equally unpleasant consequences after} Nxf3+ 29. gxf3 Rxe1+ {
(This intermediate move is possible only because the back rank is defended by
the bishop.)} 30. Kg2 Rxd8 {
with a small material advantage and the safer king's position for Black.})
28... Nxh3+ $1 29. gxh3 Qg5+ 30. Kh2 ({In case of} 30. Rg4 {
Black had an "echo-line" at his disposal:} Rxe5 $1 31. Rxg5 Rxe1+ {
followed by 32...hxg5.}) 30... Qf5 $1 ({Avoiding unnecesary complications after
} 30... Rxe5 31. f4 $5) 31. Rde4 Rxe5 32. Rxe5 Bd6 33. Nc5 Bxe5+ 34. Kg2 Rc6
35. Qb3 Rg6+ 36. Kf1 Bg3 {Just like in Morelia 2006 and Sofia 2005, Topalov
seems to have problems of warming up. From this point of view, the World
Championship from San Luis 2005 is an obvious exception: from the first 7
rounds, he only "lost" half a point!} 0-1

[Event "Mtel Masters"]
[Site "Sofia BUL"]
[Date "2006.05.12"]
[Round "2"]
[White "Svidler, P."]
[Black "Ponomariov, R."]
[Result "1-0"]
[WhiteElo "2743"]
[BlackElo "2738"]
[Annotator "Mihail Marin"]
[PlyCount "85"]
[EventDate "2006.05.11"]

1. e4 c5 2. Nf3 d6 3. d4 cxd4 4. Nxd4 Nf6 5. Nc3 a6 6. Be3 e5 7. Nb3 Be6 8. f3
Nbd7 9. g4 Be7 10. Qd2 O-O 11. g5 Nh5 12. O-O-O b5 13. Nd5 Bxd5 14. exd5 {#} f5
$5 {I do not know whether this is just a coincidence or Ponomariov intended to
face his opponent with a delicate psychological problem, but I cannot help
remembering the game Leko-Svidler from Linares 2006, where Black solved the
opening problems with the new move 19...f5 in what was considered a dangerous
position. Here, the move is not new, however.} 15. gxf6 Bxf6 16. Na5 Nf4 ({
This natural move, placing the knight on an excellent outpost, restricts the
activity of the white light-squared bishop. In case of theimmediate} 16... Qc7
17. Nc6 Nb8 {White can indirectlymaintain the stability of hisknight with} 18.
Bh3 $1 {as in an older game Byrne-Popovych, New York 1972. If} Nxc6 $2 19. dxc6
Qxc6 {White wins an exchange with} 20. Be6+ Kh8 21. Bd5) 17. Nc6 {This square
is even more attractive than f4, but the only question that remains open is
whether White will manage to ensure stability to his knight here.} Qc7 18. c4
$5 ({This logical move, activating the light-squared bishop, is a novelty.
About two weeks earlier,} 18. Kb1 {had been played, when after} Nb6 19. Bxf4
exf4 20. c3 Rae8 21. Rg1 Re3 {
Black had sufficient counterplay in Bologan-Efimenko, Sochi 2006.}) 18... Nb8
19. Qa5 Rc8 20. Kb1 bxc4 21. Qxc7 Rxc7 22. Bxc4 Kf8 23. Na5 Nd7 24. Rc1 Bg5 25.
h4 Bh6 26. Bb3 Rac8 27. Rc6 Ne2 28. Bxh6 gxh6 29. Bc4 Nd4 {#Apparently, Black
has managed to take over the control of the c6-square, but tactics help White
maintain his advantage on this side of the board.} 30. Bxa6 $1 Nxc6 31. dxc6
Rxc6 32. Nxc6 Rxc6 33. Bb5 Rc7 34. Rc1 Nc5 35. Bc4 {
Black can do very little to prevent the connected passed pawns from advancing.}
e4 36. b4 Rb7 37. a3 exf3 38. Rf1 Na4 39. Rxf3+ Kg7 40. Bb3 Nb6 41. Kb2 Re7 42.
a4 Re4 43. Ka3 1-0